Maliyyə Hüququ (Record no. 431)

MARC details
000 -LEADER
fixed length control field 04943nam a2200433 4500
003 - CONTROL NUMBER IDENTIFIER
control field OSt
005 - DATE AND TIME OF LATEST TRANSACTION
control field 20260513122501.0
008 - FIXED-LENGTH DATA ELEMENTS--GENERAL INFORMATION
fixed length control field 260512b |||||||| |||| 00| 0 aze d
040 ## - CATALOGING SOURCE
Original cataloging agency AZ-XaKU
Language of cataloging aze
Transcribing agency AZ-XaKU
041 0# - LANGUAGE CODE
Language code of text/sound track or separate title aze
050 14 - LIBRARY OF CONGRESS CALL NUMBER
Classification number K4670 .R1419 2023
100 1# - MAIN ENTRY--PERSONAL NAME
Personal name Ramazanov, Müşfiq Köçəri oğlu,
Titles and words associated with a name iqtisad üzrə fəlsəfə doktoru, dosent,
Dates associated with a name 1973-
Relator term müəllif.
245 1# - TITLE STATEMENT
Title Maliyyə Hüququ
Remainder of title : Dərslik
Statement of responsibility, etc. / Müşfiq Ramazanov ; elmi redakdor DTX-nin Heydər Əliyev adına Akademiyasının rəisi v.i., polkovnik Elşad Nəsirov ; rəyçilər DTX-nin Heydər Əliyev adına Akademiyasının rəisinin 1-ci müavini, hüquq elmləri namizədi, dosent, polkovnik Azər İsmayılov, Milli Aviasiya Akademiyasının "İqtisadiyyat və hüquq" fakültəsinin dekanı, hüquq elmləri doktoru, dosent Ayxan Rüstəmzadə, BDU-nun "Əmək və ekologiya hüququ" kafedrasının professoru, hüquq elmləri doktoru Əbülfəz Hüseynov, DİN-in Polis Akademiyasının "Mülki hüquq" kafedrasının dosenti, hüquq üzrə fəlsəfə doktoru, dosent, polis polkovniki Rəşad Məmmədov, BDU-nun " Mülki proses və kommersiya hüququ" kafedrasının dosenti, hüquq üzrə fəlsəfə doktoru, dosent Afət Mirzəyeva ; baş redaktor Vəfa Camalova ; məsul redaktor Aruz Məmmədli ; baş texniklər Elza Şamıyeva, Sevinc Məcidova, Vüqar İsmayılov ; Azərbaycan Respublikası Dövlət Təhlükəsizliyi Xidmətinin Heydər Əliyev adına Akademiyası
264 ## - PRODUCTION, PUBLICATION, DISTRIBUTION, MANUFACTURE, AND COPYRIGHT NOTICE
Place of production, publication, distribution, manufacture Bakı :
Name of producer, publisher, distributor, manufacturer AR DTX-nin Heydər Əliyev adına Akademiyası,
Date of production, publication, distribution, manufacture, or copyright notice 2023.
300 ## - PHYSICAL DESCRIPTION
Extent 531, [1] səhifə ;
Other physical details portr., cədvəl ;
Dimensions 21 sm.
336 ## - CONTENT TYPE
Content type term text
Content type code txt
Source rdacontent
337 ## - MEDIA TYPE
Media type term unmediated
Media type code n
Source rdamedia
338 ## - CARRIER TYPE
Carrier type term volume
Carrier type code nc
Source rdacarrier
500 ## - GENERAL NOTE
General note AR DTX-nin Heydər Əliyev adına Akademiyasının Elmi Şurasının 20 iyul 2022-ci il tarixli iclasının (protokol № 2) qərarı ilə dərslik kimi nəşrə tövsiyə olunmuşdur.
504 ## - BIBLIOGRAPHY, ETC. NOTE
Bibliography, etc. note Biblioqrafiya : s. 526-531.
505 0# - Formatted Contents Note
Formatted contents note I Fəsil. Azərbaycan Respublikasının maliyyə sistemi -- II Fəsil. Maliyyə hüququ müstəqil hüquq sahəsi kimi -- III Fəsil. Maliyyə hüquq normaları və maliyyə hüquq münasibətləri -- IV Fəsil. Dövlətin maliyyə fəaliyyətinin hüquqi əsasları -- V Fəsil. Azərbaycan Respublikasında maliyyə nəzarəti -- VI Fəsil. Azərbaycan Respublikasının büdcə sistemi -- VII Fəsil. Büdcə hüquq münasibətləri -- VIII Fəsil. Büdcə prosesi -- IX Fəsil. Azərbaycan Respublikasının vergi sistemi -- X Fəsil. Vergi hüquq münasibətləri -- XI Fəsil. Müəssisənin maliyyə münasibətlərinin hüquqi əsasları -- XII Fəsil. Sığorta münasibətlərinin hüquqi tənzimlənməsi -- XIII Fəsil. Azərbaycan Respublikasının bank sistemi -- XIV Fəsil. Azərbaycan Respublikasında bank fəaliyyətinin hüquqi tənzimlənməsi -- XV Fəsil. Büdcədənkənar dövlət fondlarının fəaliyyətinin hüquqi tənzimlənməsi -- XVI Fəsil. Valyuta münasibətlərinin hüquqi tənzimlənməsi
520 0# - SUMMARY, ETC.
Summary, etc. İqtisad üzrə fəlsəfə doktoru, dosent Müşfiq Köçəri oğlu Ramazanov tərəfindən yazılan dərslikdə maliyyə hüququnun müstəqil elm kimi inki-şafı, onun predmeti, aktuallığı, məqsədi, maliyyə hüququ sistemi, ma-liyyə hüququnun prinsipləri ilə yanaşı, maliyyə hüquq münasibətlərinə aid digər mövzuların da hər birinin müfəssəl şərhi verilmişdir. Eyni zamanda dərslikdə maliyyə hüququnun digər hüquq sahələri ilə əlaqəsi, Azərbaycan Respublikasının maliyyə, büdcə, bank sistemi, maliyyə, valyuta nəzarəti, vergi və sığorta münasibətlərinin hüquqi tənzimlənməsi, büdcədənkənar dövlət fondlarının fəaliyyətinin hüquqi tənzimlənməsi və s. kimi aktual məsələlərə də geniş yer verilmişdir.<br/>Dərslik DTX-nin Heydər Əliyev adına Akademiyasının kursant və dinləyiciləri, həmçinin digər universitetlərin hüquqşünaslıq ixtisası üzrə bakalavriat və magistratura pillələrində təhsil alan tələbələr, doktorantlar, mütəxəssis və müəllimləri üçün nəzərdə tutulmuşdur.
650 #7 - SUBJECT ADDED ENTRY--TOPICAL TERM
Source of heading or term AZ-XaKU
Topical term or geographic name entry element Hüquq
General subdivision Mülki hüquq
-- Maliyyə hüququ
Geographic subdivision Azərbaycan.
655 ## - INDEX TERM--GENRE/FORM
Source of term AZ-XaKU
Genre/form data or focus term Dərslik.
700 1# - ADDED ENTRY--PERSONAL NAME
Personal name Nəsirov, Elşad,
Relator term elmi redaktor.
700 1# - ADDED ENTRY--PERSONAL NAME
Personal name İsmayılov, Azər,
Relator term rəyçi.
700 1# - ADDED ENTRY--PERSONAL NAME
Personal name Rüstəmzadə, Ayxan,
Relator term rəyçi.
700 1# - ADDED ENTRY--PERSONAL NAME
Personal name Hüseynov, Əbülfəz,
Relator term rəyçi.
700 1# - ADDED ENTRY--PERSONAL NAME
Personal name Məmmədov, Rəşad,
Relator term rəyçi.
700 1# - ADDED ENTRY--PERSONAL NAME
Personal name Mirzəyeva, Afət
Relator term rəyçi.
700 1# - ADDED ENTRY--PERSONAL NAME
Personal name Camalova, Vəfa,
Relator term baş redaktor.
700 1# - ADDED ENTRY--PERSONAL NAME
Personal name Məmmədli, Arzu,
Relator term məsul redaktor.
700 1# - ADDED ENTRY--PERSONAL NAME
Personal name Şamıyeva, Elza,
Relator term baş texnik.
700 1# - ADDED ENTRY--PERSONAL NAME
Personal name Məcidova, Sevinc,
Relator term baş texnik.
700 1# - ADDED ENTRY--PERSONAL NAME
Personal name İsmayılov, Vüqar,
Relator term baş texnik.
710 1# - ADDED ENTRY--CORPORATE NAME
Corporate name or jurisdiction name as entry element Azərbaycan Respublikası.
Subordinate unit Dövlət Təhlükəsizliyi Xidmətinin Heydər Əliyev adına Akademiyası.
942 ## - ADDED ENTRY ELEMENTS (KOHA)
Koha item type Book
Holdings
Withdrawn status Lost status Source of classification or shelving scheme Damaged status Not for loan Collection Home library Current library Date acquired Total checkouts Full call number Barcode Date last seen Copy number Price effective from Koha item type
    Library of Congress Classification     Business & Economics Collection Karabakh University Main Library Karabakh University Business & Economics Library 05/12/2026   K4670 .R1419 2023 0000000764 05/12/2026 1 05/12/2026 Book
    Library of Congress Classification     Business & Economics Collection Karabakh University Main Library Karabakh University Business & Economics Library 05/12/2026   K4670 .R1419 2023 c.2 0000000765 05/12/2026 2 05/12/2026 Book